Biblioteca

Vivir juntos, sentirse sola : Recupere la confianza en sí misma (Registro nro. 43221)

Detalles MARC
000 -LÍDER
Campo fijo de descripción fija 01283aam a2200301 i 4500
001 - NÚMERO DE CONTROL
Campo de control 768714001
003 - IDENTIFICADOR DEL NÚMERO DE CONTROL
Campo de control CO-MdFUSB
005 - FECHA Y HORA DE LA ULTIMA TRANSACCIÓN
control field 20190215162137.0
008 - ELEMENTOS DE LONGITUD FIJA -- INFORMACIÓN GENERAL
Campo fijo de descripción fija -- Información general 190215t1991 sp ||||| |||| 00| 0 spa d
020 ## - NÚMERO INTERNACIONAL NORMALIZADO PARA LIBROS
Número Internacional Normalizado del libro 950-28-0187-3
040 ## - FUENTE DE CATALOGACIÓN
Agencia de catalogación original CO-MdFUSB
Idioma de catalogación spa
Agencia que realiza la transcripción CO-MdFUSB
Agencia que realiza la modificación CO-MdFUSBC
Convenciones de la descripción rda
041 0# - CÓDIGO DE IDIOMA
Código de idioma para texto/pista de sonido o título separado spa
082 04 - NÚMERO DE CLASIFICACIÓN DECIMAL DEWEY
Número de clasificación 158.24
Número de la edición del Dewey 22
Clave de autor-Numero de item K482v
100 1# - ASIENTO PRINCIPAL--NOMBRE PERSONAL
Nombre personal Kiley, Dan
Término relacionador autor
245 10 - TÍTULO
Título del Material Vivir juntos, sentirse sola : Recupere la confianza en sí misma
Mención de responsabilidad, etc. / Dan Kiley ; Jose Manuel Pomares
264 #1 - PRODUCCIÓN, PUBLICACIÓN, DISTRIBUCIÓN, MANUFACTURA, Y COPYRIGHT
Lugar de producción, publicación, distribución, manufactura Buenos Aires : Grijalbo
Nombre del productor, publicador, distribuidor Grijalbo,
Fecha de producción, publicación, distribución, manufactura, o copyright [1991]
264 #4 - PRODUCCIÓN, PUBLICACIÓN, DISTRIBUCIÓN, MANUFACTURA, Y COPYRIGHT
Fecha de producción, publicación, distribución, manufactura, o copyright ©1991
300 ## - DESCRIPCIÓN FÍSICA
Extensión 263 Páginas.
Dimensiones ; 19 cm.
336 ## - TIPO DE CONTENIDO
Término de tipo de contenido texto
Código de tipo de contenido txt
Fuente rdacontent
337 ## - TIPO DE MEDIO
Fuente rdamedia
Nombre del tipo de medio sin mediación
Código del tipo de medio n
338 ## - TIPO DE SOPORTE
Fuente rdacarrier
Nombre del tipo de soporte volumen
Código Tipo de soporte nc
490 ## - MENCIÓN DE SERIE
Mención de serie Autoayuda y superación
500 ## - NOTA GENERAL
Nota General Título original : Living together, feeling alone
505 00 - NOTA DE CONTENIDO
Nota de contenido con formato preestablecido Primera parte: Soledad en convivencia -- ¿Esta usted sola? -- Causas externas de la SEC -- Causas internas de la SEC -- Los síntomas de la SEC - Segunda parte: tratamiento: Paso rendición -- Paso dos: retirada -- Paso tres: reevaluación. -- Paso cuatro: resurgimiento. -- Paso cinco: descubrimiento.
563 ## - NOTA DE ENCUADERNACIÓN
Nota de encuadernación Rústico
653 ## - TÉRMINO DE INDIZACIÓN - NO CONTROLADO
Término no controlado Relaciones humanas
-- Autoestima -- Psicología
-- Relaciones interpersonales
942 ## - TIPO DE MATERIAL (KOHA)
Tipo de Item KOHA Libros General
Existencias
Estado de Material Estado de Perdido Estado de Dañado No para Préstamo Colección Tomo Biblioteca de Origen Biblioteca Permanente Fecha de Adquisición Total de Préstamos Signatura Topográfica Código de Barras Última vez visto Última vez Préstado Ejemplar/Existencia Fecha de Remplazo Tipo de Material
        Colección General   Biblioteca FUSBC Biblioteca FUSBC 06/06/2007 1 G 158.24 K482v 15866 12/12/2019 19/03/2019 1 26/01/2016 Libros General

Biblioteca FUSBC | Teléfono: (57+4) 349 88 10 Ext. 141| WhatsApp (+57) 3005338115 
E-mail: biblioteca@unisbc.edu.co | Calle 76 87-14 Robledo Palenque, Medellín, Colombia

Con tecnología Koha